[Event "29th ECC Open 2013"]
[Site "Rhodes GRE"]
[Date "2013.10.22"]
[Round "3.11"]
[White "Berry,N"]
[Black "Hoffmann,Micha1"]
[Result "0-1"]
[WhiteElo "2254"]
[BlackElo "2462"]

1.d4 Nf6 2.c4 e6 3.Nf3 d5 4.g3 Be7 5.Bg2 O-O 6.O-O c6 7.Qc2 b6 8.Rd1 Ba6
9.Ne5 Nfd7 10.Nxd7 Nxd7 11.cxd5 cxd5 12.Nc3 Bb7 13.Bf4 Rc8 14.Qb3 a6 15.a4 Nf6
16.Rac1 h6 17.Na2 Bd6 18.Rxc8 Bxc8 19.Bxd6 Qxd6 20.Rc1 Bd7 21.e3 Ne4 22.Nb4 Nd2
23.Qc3 Rc8 24.Qxd2 Rxc1+ 25.Qxc1 Qxb4 26.Qc7 Qxa4 27.h4 Bb5 28.Qd8+ Kh7 29.Qc7 f5
30.Qf7 Qa1+ 31.Kh2 Qxb2 32.Qxe6 Qxf2 33.h5 a5 34.Qg6+ Kh8 35.Kh3 Bd7 36.Kh2 Qxe3
37.Qxb6 a4 38.Qc5 Qe2 39.Kg1 Qxh5 40.Qf8+ Kh7 41.Bxd5 Qe8 42.Qd6 a3 43.Qxa3 Qe1+
44.Kg2 Qd2+ 45.Kh1 Qxd4 46.Qd6 Qd1+ 47.Kh2 Qe2+ 48.Kg1 Bb5 49.Bf7 Qg4 50.Kf2 Bc4
51.Bxc4 Qxc4 52.Qd7 Qc2+ 53.Kg1 Qe4 54.Qd6 Qe2 55.Qf4 Kg6 56.Qd6+ Kh5 57.Qf4 Qe4
58.Qc7 g5 59.Qd6 Kg4 60.Kh2 Qe2+ 61.Kg1 h5 62.Qc7 Kh3 63.Qc6 Qe1+  0-1

[Event "29th ECC Open 2013"]
[Site "Rhodes GRE"]
[Date "2013.10.22"]
[Round "3.5"]
[White "Wojtaszek,R"]
[Black "Cheparinov,I"]
[Result "1-0"]
[WhiteElo "2698"]
[BlackElo "2672"]

1.Nf3 Nf6 2.c4 e6 3.g3 d5 4.Bg2 Be7 5.d4 O-O 6.Qc2 c5 7.O-O cxd4 8.Nxd4 Nc6
9.Nxc6 bxc6 10.Rd1 Qa5 11.b3 Ba6 12.Nd2 Qb6 13.Nf3 Rfd8 14.Ne5 Bb7 15.Bb2 c5
16.cxd5 exd5 17.Rac1 Rac8 18.e3 h6 19.Qf5 Rc7 20.Nd3 Bc8 21.Qf4 a5 22.Be5 Rc6
23.Qa4 Ne4 24.Nf4 Be6 25.Bxe4 dxe4 26.Rxd8+ Bxd8 27.Qxe4 Be7 28.Nd5 Bxd5
29.Qxd5 Re6 30.Rc4 Bf8 31.Kg2 Qb5 32.g4 Qe8 33.Bc7 Qc8 34.Bg3 Re8 35.Ra4 Qa6
36.Bc7 Qe2 37.Qf3 Qc2 38.Rxa5 c4 39.bxc4 Qxc4 40.Bg3 Re6 41.h3 Rf6 42.Qb7 Rc6
43.Ra8 Qc5 44.a4 Rb6 45.Qc8 Qb4 46.Kh2  1-0

[Event "29th ECC Open 2013"]
[Site "Rhodes GRE"]
[Date "2013.10.23"]
[Round "4.1"]
[White "Wojtaszek,R"]
[Black "Karjakin,Sergey"]
[Result "1/2-1/2"]
[WhiteElo "2698"]
[BlackElo "2762"]

1.d4 Nf6 2.c4 e6 3.g3 d5 4.Bg2 Be7 5.Nf3 O-O 6.Qc2 c5 7.O-O cxd4 8.Nxd4 e5
9.Nf5 d4 10.Nxe7+ Qxe7 11.Bg5 h6 12.Bxf6 Qxf6 13.Nd2 Nc6 14.c5 Qe7 15.Ne4 Bf5
16.Qc4 Bxe4 17.Bxe4 Kh8 18.b4 f5 19.Bd5 Rad8 20.Rab1 Qd7 21.Bxc6 bxc6 22.b5 cxb5
23.Rxb5 Rf6 24.Rfb1 Qd5 25.Qxd5 Rxd5 26.c6 Rxb5 27.Rxb5 Rxc6 28.Rxe5 Ra6
29.Rxf5 Rxa2 30.Kf1 Ra1+ 31.Kg2 d3 32.exd3 a5 33.Kf3 a4 34.Ra5 a3 35.h4 a2
36.Ke2 Kg8 37.Ra7 Kf8 38.d4 Ke8 39.d5 Kf8 40.d6 Ke8 41.h5 Kd8 42.Kf3 Ke8
43.Ke2 Kd8 44.Kf3 Ke8 45.Re7+ Kf8 46.Re2 Rd1 47.Rxa2 Rxd6 48.Ra7 Rd4 49.Rc7 Ra4
50.g4 Rb4 51.Kg3 Ra4 52.Rd7 Rb4 53.f4 Rb3+ 54.Kf2 Ra3 55.Rd5 Kf7 56.Rf5+ Ke6
57.Re5+ Kf7 58.Re3 Ra2+ 59.Kf3 Ra1 60.Ke4 Ra6 61.Rd3 Re6+ 62.Kf3 Ra6 63.Rd7+ Kf6
64.Rd5 Kf7 65.Ke4 Re6+ 66.Re5 Ra6 67.Rc5 Kg8 68.Ke5 Kh7 69.Rd5 Ra1 70.Ke6 Ra6+
71.Kf5 Ra1 72.Ke6 Ra6+ 73.Ke5 Ra1 74.Kf5 Ra2 75.g5 hxg5 76.fxg5 g6+ 77.hxg6+ Kg7
78.Rd7+ Kg8 79.g7 Ra6 80.Re7 Ra5+ 81.Kf6 Ra6+ 82.Re6 Rxe6+ 83.Kxe6  1/2-1/2

[Event "17th Unive Open 2013"]
[Site "Hoogeveen NED"]
[Date "2013.10.24"]
[Round "7.30"]
[White "Bakels,Anton"]
[Black "Klomp,R"]
[Result "0-1"]
[WhiteElo "2043"]
[BlackElo "2105"]

1.d4 d5 2.c4 e6 3.Nf3 Nf6 4.g3 Be7 5.Bg2 O-O 6.O-O Nbd7 7.Qc2 Re8 8.b3 b6
9.Nc3 Bb7 10.Bf4 c6 11.Nd2 Nf8 12.e4 dxe4 13.Ndxe4 Ng6 14.Be3 Qc7 15.Rad1 Rad8
16.h4 Ng4 17.h5 Nxe3 18.fxe3 Nf8 19.Qf2 f5 20.Nd2 Bd6 21.Ne2 Qf7 22.g4 Nd7
23.Ne4 Bc7 24.N2g3 g6 25.hxg6 hxg6 26.Nc3 Nf6 27.Bf3 Re7 28.gxf5 gxf5 29.e4 fxe4
30.Ncxe4 Nxe4 31.Nxe4 Qf4 32.Rfe1 Rg7+ 33.Kf1 b5 34.Rd3 bxc4 35.bxc4 Ba6
36.Qc2 Rf8 37.Nc5 Qg3 38.Nxa6 Rxf3+ 39.Ke2 Rf2+ 40.Kd1 Rxc2 41.Rxg3 Bxg3  0-1

[Event "Caissa IM Oct 2013"]
[Site "Kecskemet HUN"]
[Date "2013.10.24"]
[Round "6.3"]
[White "Kojima,S"]
[Black "Minko,V"]
[Result "1/2-1/2"]
[WhiteElo "2344"]
[BlackElo "2312"]

1.Nf3 d5 2.d4 Nf6 3.c4 e6 4.g3 Be7 5.Bg2 dxc4 6.O-O O-O 7.Qc2 a6 8.a4 Nbd7
9.Nbd2 c5 10.Nxc4 Nd5 11.Rd1 Qc7 12.a5 cxd4 13.Nxd4 b5 14.Nb6 Qxc2 15.Nxc2 N7xb6
16.axb6 Bb7 17.Ne3 Bc5 18.Nxd5 exd5  1/2-1/2

[Event "29th ECC Open 2013"]
[Site "Rhodes GRE"]
[Date "2013.10.24"]
[Round "5.10"]
[White "Lutz,B"]
[Black "Dorrington,C"]
[Result "1-0"]
[WhiteElo "2339"]
[BlackElo "2313"]

1.d4 Nf6 2.c4 e6 3.Nf3 d5 4.g3 Be7 5.Bg2 O-O 6.O-O Nbd7 7.Nbd2 b6 8.b3 Bb7
9.Bb2 a5 10.Ne5 Nxe5 11.dxe5 Nd7 12.cxd5 exd5 13.Nc4 Nc5 14.Ne3 c6 15.Nf5 Bc8
16.Nxe7+ Qxe7 17.Rc1 Bb7 18.Qc2 Rfe8 19.e3 a4 20.b4 Nd7 21.b5 cxb5 22.Qc7 Rab8
23.Qc3 Qe6 24.f4 f6 25.Qd3 fxe5 26.fxe5 Nc5 27.Qd4 Rbc8 28.Qh4 Qe7 29.Qd4 Rcd8
30.e6 Nxe6 31.Qxb6 b4 32.Kh1 Rb8 33.Be5 Rbc8 34.Bd6 Qd7 35.Qxb4 Rxc1 36.Rxc1 Rc8
37.Rf1 Rc4 38.Qb2 h6 39.Qe5 Rc6 40.Ba3 Rc2 41.Bh3 Bc8 42.Bf5 Rxa2 43.Bf8 Qb7
44.Bxe6+ Bxe6 45.Qxe6+ Kh8 46.Bc5 d4+ 47.e4  1-0

[Event "29th ECC Open 2013"]
[Site "Rhodes GRE"]
[Date "2013.10.24"]
[Round "5.11"]
[White "Gretarsson,Hj"]
[Black "Boruchovsky,A"]
[Result "1/2-1/2"]
[WhiteElo "2505"]
[BlackElo "2453"]

1.d4 Nf6 2.c4 e6 3.g3 d5 4.Bg2 Be7 5.Nf3 O-O 6.O-O dxc4 7.Qc2 a6 8.a4 Bd7
9.Qxc4 Bc6 10.Bf4 Bd6 11.Bg5 Nbd7 12.Nc3 h6 13.Bxf6 Nxf6 14.Rfe1 Bd5 15.Qd3 Bxf3
16.Qxf3 c6 17.e4 Bb4 18.Red1 Qb6 19.e5 Nd5 20.Ne4 Rfd8 21.Qb3 Be7 22.Qxb6 Nxb6
23.Nc3 Bb4 24.Na2 a5 25.Nxb4 axb4 26.a5 Nc4 27.Bf1 Nxa5 28.Ra4 b3 29.Rda1 b6
30.Bg2 Ra7 31.Bf3 Rad7 32.Rb4 Rxd4 33.Rxb6 Nc4 34.Rxc6 Rb8 35.Be2 Nxb2 36.Rca6 Na4
37.R1xa4 b2 38.Rxd4 b1=Q+ 39.Rd1 Qe4 40.Bf1 Qxe5 41.Ra7 g6 42.h4 Rb2 43.Rd8+ Kg7
44.Rdd7 Qf5 45.Rxf7+ Qxf7 46.Rxf7+ Kxf7 47.Kg2 Kf6 48.Bd3 Rb3 49.Bc2 Rc3
50.Be4 g5 51.hxg5+ Ke5 52.f3 hxg5 53.Kh3 Kd4 54.Kg4 Rc5 55.Bb7 Ke3 56.Ba8 Kf2
57.Bb7 e5 58.Be4 Rc3 59.Bd5 Ra3 60.Bc6 Ra6 61.Bd5 Rf6 62.Bb7 Ke3 63.Bd5 Rf8
64.Bc6 Kf2 65.Bd5 Rb8 66.Bc6 Rc8 67.Bb7 Rc1 68.Be4 Ra1 69.Bc6 Rg1 70.Kxg5 Rc1
71.Be4 Kxg3 72.Kf5 Rc5 73.Bb7 Rc7 74.Bd5 Re7 75.Bc6 Kh4 76.Kf6 Rc7 77.Bd5 Kg3  1/2-1/2

[Event "17th Unive Open 2013"]
[Site "Hoogeveen NED"]
[Date "2013.10.25"]
[Round "8.3"]
[White "L'Ami,E"]
[Black "Sachdev,T"]
[Result "1-0"]
[WhiteElo "2645"]
[BlackElo "2438"]

1.d4 d5 2.c4 e6 3.Nf3 Nf6 4.g3 Be7 5.Bg2 O-O 6.O-O dxc4 7.Qc2 a6 8.a4 Nc6
9.Qxc4 a5 10.Bf4 Bd6 11.Nc3 Nb4 12.Ne5 Nfd5 13.Rad1 b6 14.Bc1 Bb7 15.e4 Ba6
16.Nb5 Ne7 17.Qb3 Bxb5 18.Nxf7 Rxf7 19.axb5 Qd7 20.Bh3 Rf6 21.e5 Rg6 22.exd6 Qxd6
23.Rfe1 Ned5 24.Re5 Re8 25.Rde1 Kh8 26.Bd2 c6 27.Bg2 Rf8 28.bxc6 Nxc6 29.R5e4 Ndb4
30.Bc3 Nd5 31.Qb5 Qd7 32.Bh3 Nf4 33.Rxf4 Rxf4 34.d5  1-0

[Event "29th ECC Open 2013"]
[Site "Rhodes GRE"]
[Date "2013.10.26"]
[Round "7.17"]
[White "Wiwe,A"]
[Black "Idrizaj,A"]
[Result "1-0"]
[WhiteElo "2287"]
[BlackElo "2249"]

1.d4 Nf6 2.Nf3 e6 3.c4 d5 4.g3 Be7 5.Bg2 O-O 6.O-O b6 7.Nc3 Bb7 8.cxd5 exd5
9.Bf4 Nbd7 10.Rc1 c5 11.Qc2 a6 12.Rfd1 c4 13.Ne5 b5 14.b3 Qb6 15.Nxd7 Nxd7
16.Nxd5 cxb3 17.Nxe7+ Kh8 18.Qxb3 Bxg2 19.Kxg2 Nf6 20.Qf3 Qe6 21.Nc6 Qxa2
22.Nb4 Qa5 23.Nd3 Qb6 24.Ne5 Qe6 25.Rc6 Qd5 26.Qxd5 Nxd5 27.e4 Nf6 28.f3 a5
29.Rb6 b4 30.d5 Kg8 31.Nc6 Nd7 32.Rb5 a4 33.Rxb4 a3 34.Ra1 Rfe8 35.Rb3  1-0

[Event "29th ECC Open 2013"]
[Site "Rhodes GRE"]
[Date "2013.10.26"]
[Round "7.11"]
[White "Halkias,S"]
[Black "Delorme,Al"]
[Result "1-0"]
[WhiteElo "2568"]
[BlackElo "2283"]

1.d4 d5 2.Nf3 Nf6 3.c4 e6 4.g3 Be7 5.Bg2 O-O 6.O-O dxc4 7.Qc2 a6 8.a4 Bd7
9.Rd1 Bc6 10.Nc3 Bxf3 11.Bxf3 Nc6 12.Bxc6 bxc6 13.Bg5 Qb8 14.Bxf6 Bxf6 15.Ne4 Qb4
16.Rac1 Rab8 17.e3 Qxb2 18.Qxc4 Rb6 19.Nc5 a5 20.Nd7 Rb4 21.Qxc6 Rc8 22.Qa6 Rd8
23.Nc5 Be7 24.Nd3 Rb6 25.Qc4 Qa3 26.Qxc7 Rdb8 27.Ne5 R6b7 28.Qxa5 Bd8 29.Qa6 Rb6
30.Qc4 Rb4 31.Qf1 Rxa4 32.Ra1  1-0

[Event "17th OIBM 2013"]
[Site "Bad Wiessee GER"]
[Date "2013.10.29"]
[Round "5.19"]
[White "Postny,E"]
[Black "Osmanodja,F"]
[Result "1-0"]
[WhiteElo "2631"]
[BlackElo "2247"]

1.d4 Nf6 2.c4 e6 3.Nf3 d5 4.g3 Be7 5.Bg2 O-O 6.O-O c6 7.Nc3 Nbd7 8.b3 b6
9.Bb2 Ba6 10.Nd2 Rc8 11.e4 b5 12.e5 Ne8 13.c5 b4 14.Ne2 f5 15.a3 Bb5 16.axb4 a6
17.Re1 g5 18.Qc2 Nc7 19.Nc4 Rb8 20.Nd6 Kg7 21.Nc3 Rh8 22.Ncxb5 axb5 23.Ra7 Ra8
24.Rea1 Rxa7 25.Rxa7 Qb8 26.Rb7 Qd8 27.Bc1 Nb8 28.Qa2 h6 29.Qa5 Nba6 30.Qb6 Qa8
31.Rxc7 Nxc7 32.Qxc7 Kf8 33.Qd7 Bxd6 34.exd6 Qa1 35.Qe7+ Kg8 36.d7 Qxc1+
37.Bf1  1-0

[Event "Stockholm All Saints Open 2013"]
[Site "Stockholm SWE"]
[Date "2013.10.31"]
[Round "2.2"]
[White "Akesson,R"]
[Black "Duenas,A"]
[Result "1-0"]
[WhiteElo "2465"]
[BlackElo "1901"]

1.Nf3 d5 2.d4 Nf6 3.c4 e6 4.g3 Be7 5.Bg2 O-O 6.O-O dxc4 7.Ne5 Nc6 8.Nxc6 bxc6
9.Na3 Bxa3 10.bxa3 Nd5 11.Qc2 Ba6 12.Rd1 Qd7 13.e4 Nb6 14.a4 Rfd8 15.Bg5 f6
16.Be3 Qf7 17.Rac1 e5 18.dxe5 fxe5 19.a5 Rxd1+ 20.Rxd1 Nd7 21.Qc3 Qe6 22.Bf1 Nf6
23.f3 h6 24.Rc1 Rb8 25.Bxa7 Rb7 26.Bf2 Nd7 27.Bxc4 Bxc4 28.Qxc4 Qxc4 29.Rxc4 c5
30.Bxc5 Rb1+ 31.Kg2 Rb2+ 32.Bf2 Rxa2 33.Rxc7 Nf6 34.Rc5 Kf7 35.Rxe5 Nd7 36.Rb5 Ke6
37.f4 Nf6 38.Kf3 Ra3+ 39.Be3 h5 40.h3 Ra4 41.f5+ Kf7 42.e5  1-0

[Event "e2e4 Gatwick Nov Open"]
[Site "Crawley ENG"]
[Date "2013.11.01"]
[Round "1"]
[White "Kalaiyalahan,Akshaya"]
[Black "Vas,P SWE"]
[Result "0-1"]
[WhiteElo "1983"]
[BlackElo "2292"]

1.d4 d5 2.Nf3 Nf6 3.c4 e6 4.g3 Be7 5.Bg2 O-O 6.O-O dxc4 7.Ne5 c5 8.dxc5 Bxc5
9.Qxd8 Rxd8 10.Nc3 Nc6 11.Nxc6 bxc6 12.Bxc6 Rb8 13.Bf4 Bd6 14.Rfd1 Rb6 15.Bxd6 Rxc6
16.Ba3 Rxd1+ 17.Rxd1 Bd7 18.Be7 Rc7 19.Bd8 Rb7 20.Bxf6 gxf6 21.Ne4 Bc6 22.Nxf6+ Kg7
23.Rd6 c3 24.b3 Bb5 25.Nh5+ Kh6  0-1

[Event "80th ch-BRA S/F 1 2013"]
[Site "Rio de Janeiro BRA"]
[Date "2013.11.02"]
[Round "4.9"]
[White "Pires,M"]
[Black "Matsuura,F"]
[Result "1-0"]
[WhiteElo "2144"]
[BlackElo "2293"]

1.Nf3 e6 2.c4 d5 3.d4 Nf6 4.g3 Be7 5.Bg2 O-O 6.O-O b6 7.cxd5 exd5 8.Nc3 Bb7
9.Bf4 Na6 10.Re1 c5 11.dxc5 Nxc5 12.Nd4 Nce4 13.Nxe4 Nxe4 14.a3 Qd7 15.Rc1 Rac8
16.Qd3 Bf6 17.Rxc8 Rxc8 18.Rc1 Rxc1+ 19.Bxc1 Qc8 20.Be3 Ba6 21.Qd1 Qc4 22.Bf3 g6
23.h4 h5 24.Kg2 Kg7 25.b4 Nc3 26.Qd2 Bc8 27.Nc2 Bf5 28.Bd4 Bxc2 29.Bxf6+ Kxf6
30.Qxc2 Nb5 31.Qd2 d4 32.Qf4+ Kg7 33.Qe5+ f6 34.Qe7+ Qf7 35.Qd8 Qc7 36.Qd5 Nxa3
37.Qxd4 Nb5 38.Qd3 a6 39.Be4 f5 40.Bf3 Qd6 41.Qc4 Nd4 42.Bb7 a5 43.bxa5 bxa5
44.e3 Qb6 45.Qxd4+  1-0

[Event "TCh-CZE Extraliga 2013-14"]
[Site "Trinec CZE"]
[Date "2013.11.02"]
[Round "1.2"]
[White "Dziuba,M"]
[Black "Stohl,I"]
[Result "1/2-1/2"]
[WhiteElo "2582"]
[BlackElo "2528"]

1.d4 Nf6 2.c4 e6 3.g3 d5 4.Nf3 Be7 5.Bg2 O-O 6.Qc2 c5 7.O-O cxd4 8.Nxd4 e5
9.Nf5 d4 10.Nxe7+ Qxe7 11.Bg5 Nc6 12.Nd2 h6 13.Bxf6 Qxf6 14.c5 Bf5 15.Qc4 Be6
16.Qb5 Qe7 17.Ne4 f5 18.Nd6 e4 19.f3 Bd5 20.Qxb7 Qxb7 21.Nxb7 Rab8 22.Nd6 exf3
23.Bxf3 Bxf3 24.exf3 Rxb2 25.Rf2 Rfb8 26.Re1 d3 27.Rd1 Rc2 28.Rxd3  1/2-1/2

[Event "TCh-CZE Extraliga 2013-14"]
[Site "Turnov CZE"]
[Date "2013.11.02"]
[Round "1.4"]
[White "Bulski,K"]
[Black "Polak,T"]
[Result "1/2-1/2"]
[WhiteElo "2538"]
[BlackElo "2503"]

1.Nf3 Nf6 2.c4 e6 3.g3 d5 4.Bg2 Be7 5.d4 O-O 6.O-O Nbd7 7.Qc2 c6 8.Nbd2 b6
9.e4 Bb7 10.e5 Ne8 11.cxd5 cxd5 12.Re1 Rc8 13.Qb3 Qc7 14.Bf1 Nb8 15.Bd3 Ba6
16.Bb1 Nc6 17.Nf1 Kh8 18.Bf4 Qb7 19.Qd1 Qd7 20.h4 f5 21.exf6 gxf6 22.a3 Bd6
23.Bxd6 Nxd6 24.Bd3 Bxd3 25.Qxd3 Ne4 26.Rac1 Rg8 27.Rc2 Ne7 28.N1d2 Rxc2
29.Qxc2 Nd6 30.Rc1 Rc8 31.Qd1 Rxc1 32.Qxc1 Qc6  1/2-1/2

[Event "3rd Panama Open"]
[Site "Panama City PAN"]
[Date "2013.11.05"]
[Round "9.17"]
[White "Vilela de Acuna,J"]
[Black "Ferrara,A"]
[Result "1/2-1/2"]
[WhiteElo "2323"]
[BlackElo "2166"]

1.d4 d5 2.c4 e6 3.Nf3 Nf6 4.g3 Be7 5.Bg2 O-O 6.O-O dxc4 7.Qa4 a6 8.Qxc4 b5
9.Qc2 Bb7 10.Bg5 Nc6 11.Rd1 Rc8 12.Nc3 Nb4 13.Qb3 Ne4 14.Nxe4 Bxe4 15.Qxb4 Bxb4
16.Bxd8 Bxf3 17.Bxf3 Rcxd8 18.Bb7 Rb8 19.Be4 Rfd8 20.Rac1 Ba5 21.e3 Kf8 22.f4 g6
23.Kf2  1/2-1/2

[Event "Chinese Zonal w 2013"]
[Site "Zhongshan CHN"]
[Date "2013.11.08"]
[Round "11.15"]
[White "Zhao,Shengxin"]
[Black "Li,Xinyu"]
[Result "0-1"]
[WhiteElo "1805"]
[BlackElo "1699"]

1.d4 d5 2.c4 e6 3.Nf3 Nf6 4.g3 Be7 5.Bg2 O-O 6.O-O c5 7.cxd5 exd5 8.Nc3 cxd4
9.Nxd4 Nc6 10.Bf4 Be6 11.Nb3 Rc8 12.Rc1 h6 13.Rc2 d4 14.Rd2 Bxb3 15.axb3 Qa5
16.Ne4 Nxe4 17.Bxe4 g5 18.e3 gxf4 19.gxf4 Bf6 20.Kh1 Rcd8 21.Rg1+ Kh8 22.b4 Nxb4
23.exd4 Rg8 24.Rxg8+ Rxg8 25.d5 Qa6 26.d6 Qc4 27.Bxb7 Qxf4 28.d7 Qg5 29.f4 Qh4
30.Re2 Qg4 31.Rd2 Qxd1+ 32.Rxd1 Rd8 33.Bc8 Kg7 34.b3 Nc6 35.Kg2 Nd4 36.b4 Nc6
37.b5 Nd4 38.Rb1 Kf8 39.Kf2 Ne6 40.Ke3 Ke7 41.Rc1 Nxf4 42.Rc6 Nd5+ 43.Ke4 Nb6
44.Kf5 Bg7 45.Rc7 Nxd7 46.Ba6 Bd4 47.Rc4 Bb6 48.Bb7 Nc5 49.Bc6 Rd6  0-1

[Event "Chinese Zonal w 2013"]
[Site "Zhongshan CHN"]
[Date "2013.11.08"]
[Round "11.11"]
[White "Xiao,Yiyi"]
[Black "Liu,Manli"]
[Result "1-0"]
[WhiteElo "2187"]
[BlackElo "2133"]

1.d4 Nf6 2.c4 e6 3.g3 d5 4.Bg2 Be7 5.Nf3 O-O 6.O-O dxc4 7.Qc2 a6 8.a4 Bd7
9.Qxc4 Bc6 10.Bg5 Bd5 11.Qd3 c5 12.Nc3 Bc6 13.Rfd1 cxd4 14.Nxd4 Bxg2 15.Kxg2 Nbd7
16.a5 Rc8 17.e4 Qc7 18.Qe2 Rfd8 19.Bf4 Qc4 20.Qf3 Nc5 21.Be5 Nfd7 22.Bf4 Bf6
23.Nce2 Ne5 24.Bxe5 Bxe5 25.Qe3 Bf6 26.e5 Be7 27.Rac1 Qb4 28.Qc3 Qxc3 29.Rxc3 f6
30.Rdc1 Kf7 31.b4 fxe5 32.Nf3 e4 33.Ne5+ Kf6 34.Ng4+ Kg5 35.Ne3 Rd2 36.Nf4 Nd3
37.Rxc8 Nxc1 38.Rxc1 Bxb4 39.Rb1 Bxa5 40.Rxb7 Bc3 41.Rf7 h5 42.Nxe6+ Kh6
43.h4 Bf6 44.Nf8  1-0

[Event "Leuven Open 2013"]
[Site "Leuven BEL"]
[Date "2013.11.11"]
[Round "7.1"]
[White "Goossens,R"]
[Black "Geirnaert,S"]
[Result "1/2-1/2"]
[WhiteElo "2088"]
[BlackElo "2410"]

1.Nf3 Nf6 2.c4 e6 3.g3 d5 4.Bg2 Be7 5.d4 O-O 6.O-O dxc4 7.Qc2 a6 8.a4 Bd7
9.Qxc4 Bc6 10.Bf4 Bd6 11.Nc3 Nbd7 12.a5 Bxf4 13.gxf4 Nd5 14.e3 Nxc3 15.Qxc3 Qe7
16.Kh1 Nf6 17.Rg1 Ng4 18.Qc2 Be4 19.Qe2 Bd3 20.Qd2 Qb4 21.Rgd1 Qxd2 22.Rxd2 Be4
23.Ne5 Bxg2+ 24.Kxg2 Nxe5 25.fxe5 Rad8 26.Rc2 c6 27.Ra4 Rd7 28.Rb4 f6 29.exf6 Rxf6
30.f4 Rf5 31.Rc5 Rxc5 32.dxc5 Kf7 33.Kf3 Kf6 34.Ke4 Ke7 35.Rd4 Rxd4+ 36.Kxd4 Kf6
37.Ke4 g6 38.h3 h6 39.h4 e5 40.fxe5+ Ke6 41.b3 Ke7 42.Kf4 Ke6 43.Ke4 Ke7
44.Kf4 Ke6 45.Ke4  1/2-1/2

[Event "IX Chervonograd Cup A 2013"]
[Site "Chervonograd UKR"]
[Date "2013.11.12"]
[Round "3.4"]
[White "Anwesh,U"]
[Black "Punin,Andrii"]
[Result "1/2-1/2"]
[WhiteElo "2348"]
[BlackElo "2231"]

1.d4 Nf6 2.c4 e6 3.g3 d5 4.Nf3 Be7 5.Bg2 O-O 6.O-O Nbd7 7.Qc2 c6 8.Nbd2 b6
9.e4 Bb7 10.e5 Ne8 11.cxd5 cxd5 12.Re1 Rc8 13.Qb3 Nb8 14.Nf1 Nc6 15.h4 Nb4
16.Ne3 Ba6 17.Bd2 Bc4 18.Nxc4 dxc4 19.Qc3 Nc7 20.Bg5 Ncd5 21.Qd2 c3 22.bxc3 Rxc3
23.Rec1 Rd3 24.Qe2 Nc3 25.Qb2 Na4 26.Qe2 Nc3  1/2-1/2

[Event "Chinese Teams 2013"]
[Site "Shijiazhuang CHN"]
[Date "2013.11.12"]
[Round "16.5"]
[White "Lei Tingjie"]
[Black "Tan Zhongyi"]
[Result "1/2-1/2"]
[WhiteElo "2327"]
[BlackElo "2510"]

1.d4 Nf6 2.c4 e6 3.g3 d5 4.Bg2 Be7 5.Nf3 O-O 6.Qc2 dxc4 7.Qxc4 a6 8.Qc2 c5
9.dxc5 Qa5+ 10.Nc3 Nc6 11.O-O Qxc5 12.Be3 Qa5 13.a3 h6 14.b4 Qc7 15.Rac1 e5
16.Na4 Be6 17.Qb2 Rac8 18.Bc5 Bxc5 19.Nxc5 Bd5 20.Rfd1 Rcd8 21.e4 Be6 22.Qc3 Bd7
23.a4 Qb8 24.b5 axb5 25.axb5 Nd4 26.Nxd4 exd4 27.Qb4 b6 28.Nd3 Rfe8 29.Rc4 Be6
30.Rxd4 Rxd4 31.Qxd4 Rd8 32.Qc3 Rc8 33.Qb2 Nd7 34.Nf4 Nc5 35.Nh5 f6 36.Nf4 Bf7
37.h4 Rd8 38.Qc3 Qd6 39.Kh2 Qd7  1/2-1/2

[Event "Chinese Teams 2013"]
[Site "Shijiazhuang CHN"]
[Date "2013.11.14"]
[Round "18.4"]
[White "Lei Tingjie"]
[Black "Pham Le Thao Nguyen"]
[Result "1/2-1/2"]
[WhiteElo "2327"]
[BlackElo "2360"]

1.d4 d5 2.c4 e6 3.Nf3 Nf6 4.g3 Be7 5.Bg2 O-O 6.Qc2 c6 7.O-O b6 8.Nbd2 Bb7
9.e4 Nbd7 10.Rd1 Qc8 11.e5 Ne8 12.b3 Nc7 13.Bb2 a5 14.Rac1 Na6 15.h4 Rd8
16.cxd5 cxd5 17.Qd3 Nb4 18.Qe3 Qb8 19.a3 Nc6 20.Bh3 Nf8 21.Rc2 Qa7 22.Rdc1 Rac8
23.Nb1 Qb8 24.Nc3 Na7 25.Bf1 Rd7 26.Bd3 Rc6 27.Ne1 Rdc7 28.Qe2 Qd8 29.Ng2 Nd7
30.Ne3 Qf8 31.Nb5 Nxb5 32.Bxb5 Rxc2 33.Rxc2 Qc8  1/2-1/2

[Event "23rd World Seniors 2013"]
[Site "Opatija CRO"]
[Date "2013.11.18"]
[Round "6.25"]
[White "Chernov,Evgen"]
[Black "Vogel,Ja"]
[Result "0-1"]
[WhiteElo "2325"]
[BlackElo "2191"]

1.d4 e6 2.g3 Nf6 3.c4 d5 4.Nf3 Be7 5.Bg2 O-O 6.O-O c6 7.Qc2 Nbd7 8.Rd1 h6
9.Nbd2 b6 10.e4 Bb7 11.e5 Ne8 12.cxd5 cxd5 13.Nf1 Rc8 14.Qe2 Nc7 15.Bf4 Ba6
16.Qe1 Na8 17.h4 Rc2 18.Rdc1 Rxb2 19.Qc3 Rb4 20.Ne3 Ra4 21.Qc2 Ra3 22.Qb2 b5
23.Ng4 b4 24.Bd2 Qa5 25.h5 Nab6 26.Bxh6 Nc4 27.Rxc4 Bxc4 28.Bg5 Bxg5 29.Nxg5 Rxa2
30.Rxa2 Qxa2 31.Qxb4 Qa1+ 32.Kh2 Qxd4 33.f4 Qd1 34.Bf3 Be2 35.Bxe2 Qxe2+
36.Kh3 Qf1+ 37.Kh2 Rb8 38.Qd6 Rb1 39.Nf2 Qxf2+ 40.Kh3 Rh1+  0-1

[Event "ch-VIE 2013"]
[Site "Ho Chi Minh City VIE"]
[Date "2013.11.20"]
[Round "3.2"]
[White "Nguyen Van Huy"]
[Black "Tran Manh Tien"]
[Result "1/2-1/2"]
[WhiteElo "2427"]
[BlackElo "2290"]

1.Nf3 Nf6 2.d4 e6 3.g3 d5 4.c4 Be7 5.Bg2 O-O 6.O-O dxc4 7.Qc2 a6 8.a4 Nc6
9.Qxc4 Rb8 10.Nc3 Bd7 11.a5 Nb4 12.e4 Bb5 13.Nxb5 axb5 14.Qxb5 Nxe4 15.Ne5 c6
16.Qc4 Nf6 17.Bd2 Nfd5 18.Qb3 Na6 19.Bxd5 exd5 20.Bf4 Bd6 21.Nd3 Bxf4 22.Nxf4 Re8
23.Rfd1 Qd6 24.Qb6 Qc7 25.Nd3 Re7 26.Qxc7 Nxc7 27.Rd2 Ra8 28.b4 Kf8 29.Kf1 Na6
30.Re1 Rxe1+ 31.Kxe1  1/2-1/2

[Event "23rd World Seniors 2013"]
[Site "Opatija CRO"]
[Date "2013.11.20"]
[Round "8.27"]
[White "Chernov,Evgen"]
[Black "Neumann,J"]
[Result "1/2-1/2"]
[WhiteElo "2325"]
[BlackElo "2175"]

1.d4 Nf6 2.c4 e6 3.g3 d5 4.Bg2 Be7 5.Nf3 O-O 6.O-O dxc4 7.Qc2 a6 8.Qxc4 b5
9.Qc2 Bb7 10.Bd2 Be4 11.Qc1 Nbd7 12.Ba5 Rc8 13.Nbd2 Ba8 14.b4 Ne4 15.Qb2 Nd6
16.Rac1 Nb7 17.Qa3 Nxa5 18.Qxa5 Nb8 19.Nb3 Nc6 20.Qxa6 Nxb4 21.Qa5 c5 22.a3 Qxa5
23.Nxa5 Na6 24.Ne5 Bxg2 25.Kxg2 Nb8 26.dxc5 Bxc5 27.Rb1 Bxa3 28.Rxb5 Bd6
29.Nd3 Nd7 30.Rd1 Nf6 31.Rb6 Bc7  1/2-1/2

[Event "ch-VIE 2013"]
[Site "Ho Chi Minh City VIE"]
[Date "2013.11.21"]
[Round "5.3"]
[White "Nguyen Van Huy"]
[Black "Pham Chuong"]
[Result "1/2-1/2"]
[WhiteElo "2427"]
[BlackElo "2344"]

1.d4 d5 2.Nf3 e6 3.c4 Be7 4.g3 Nf6 5.Bg2 O-O 6.O-O Nbd7 7.Qb3 c6 8.Nc3 Bd6
9.Re1 Qe7 10.e4 dxc4 11.Qxc4 e5 12.Be3 Re8 13.h3 Bc7 14.Rad1 exd4 15.Bxd4 Ne5
16.Nxe5 Bxe5 17.Bc5 Qe6 18.Qxe6 Bxe6 19.f4 Bxc3 20.bxc3 b6 21.e5 bxc5 22.exf6 Bxa2
23.Bxc6 Rxe1+ 24.Rxe1 Rd8 25.Re7 a6 26.Re5 gxf6 27.Rxc5 Rc8 28.Ra5 Bc4 29.Bb7 Rc7
30.Bf3 Bb5 31.Ra3 Rd7 32.Kf2 Rd2+ 33.Ke3 Rd3+ 34.Kf2 Rd2+ 35.Ke3 Rd3+ 36.Ke4  1/2-1/2

[Event "23rd World Seniors 2013"]
[Site "Opatija CRO"]
[Date "2013.11.22"]
[Round "10.32"]
[White "Neumann,J"]
[Black "Giffard,N"]
[Result "1/2-1/2"]
[WhiteElo "2175"]
[BlackElo "2348"]

1.c4 Nf6 2.g3 e6 3.Bg2 d5 4.Nf3 Be7 5.d4 O-O 6.O-O c6 7.Qc2 b6 8.Nbd2 Bb7
9.e4 Nbd7 10.b3 Re8 11.Bb2 c5 12.exd5 exd5 13.Ne5 cxd4 14.Bxd4 Nc5 15.Qb2 Ne6
16.Ndf3 dxc4 17.Bc3 cxb3 18.axb3 a5 19.Rfd1 Qc7 20.Nc4 Nd5 21.Be5 Qc5 22.Nd4 Nxd4
23.Bxd4 Qb4 24.Nxb6  1/2-1/2

[Event "76th ch-CRC 2013"]
[Site "San Jose CRC"]
[Date "2013.11.22"]
[Round "8.3"]
[White "Gonzalez,Be CRC"]
[Black "Carvajal Gorgona,J"]
[Result "1-0"]
[WhiteElo "2454"]
[BlackElo "2239"]

1.d4 Nf6 2.c4 e6 3.Nf3 d5 4.g3 Be7 5.Bg2 O-O 6.O-O dxc4 7.Qc2 a6 8.Qxc4 b5
9.Qc2 Bb7 10.Bd2 Be4 11.Qc1 Bb7 12.Rd1 Qc8 13.Bg5 Nbd7 14.Ne5 Bxg2 15.Kxg2 c5
16.f3 Ra7 17.a4 Rc7 18.axb5 axb5 19.Nxd7 Rxd7 20.Na3 cxd4 21.Nxb5 h6 22.Bxf6 Bxf6
23.Rd2 Qxc1 24.Rxc1 Rb8 25.Na3 Rdb7 26.Nc4 Kf8 27.f4 Rb3 28.Rd3 h5 29.Rc2 g6
30.Rxb3 Rxb3 31.Nd2 Rb7 32.b3 Ke7 33.Kf3 Kd7 34.Ke4 Ra7 35.Kd3 Ra1 36.Nf3 Kd6
37.Kc4 e5 38.fxe5+ Bxe5 39.Nxd4 Bxd4 40.Kxd4 Rb1 41.Kc3 g5 42.Rd2+ Kc5 43.e4 Rc1+
44.Kd3 h4 45.Rf2 hxg3 46.hxg3 Kb4 47.Rxf7 Rc3+ 48.Kd4 Rxg3 49.Rb7+ Ka5 50.e5  1-0

[Event "ch-PAR 2013"]
[Site "Asuncion URU"]
[Date "2013.11.23"]
[Round "6.5"]
[White "Bachmann,Ax"]
[Black "Valiente,C"]
[Result "1-0"]
[WhiteElo "2545"]
[BlackElo "2225"]

1.d4 d5 2.c4 e6 3.Nf3 Nf6 4.g3 Be7 5.Bg2 O-O 6.O-O c6 7.Qc2 Nbd7 8.Nbd2 b6
9.e4 Bb7 10.Rd1 Rc8 11.b3 c5 12.exd5 exd5 13.Bb2 Qc7 14.Rac1 Rfe8 15.Qf5 dxc4
16.Nxc4 Be4 17.Qh3 Qb7 18.Nh4 Bxg2 19.Qxg2 Qxg2+ 20.Kxg2 cxd4 21.Nf5 Bf8
22.Nfd6 Bxd6 23.Nxd6 Rxc1 24.Rxc1 Re6 25.Rc8+ Nf8 26.Nf5 Re8 27.Bxd4 N8d7
28.Rc7 Rd8 29.Rxa7 Kf8 30.Rb7 Ra8 31.a4  1-0